Geography Quiz

Random Geography or World Quiz

Countries of the World: 400 Quiz Stats

 Plays Quiz not verified by Sporcle

Score 0/33 Timer 20:00
0 Plays Today
% Correct
Mayas
83.4%
Eastern Roman Empire
76.3%
Western Roman Empire
76.1%
Japan
70.5%
Ghana
66.3%
Teotihuacan
52.3%
Sassanid
51%
Aksum
48.4%
Eastern Jin
45.6%
Silla
42.6%
San Marino
41.7%
Baekje
37.4%
Champa
37.2%
Gupta
37%
Goguryeo
35.4%
Himyar
35.3%
Gaya
33.7%
% Correct
Funan
33.4%
Anuradhapura
29%
Pallava
24.8%
Rouran
23.9%
Kalabhra
23.5%
Vakataka
23.1%
Traikutaka
22.5%
Kadamba
22%
Kuntala
21.9%
Makuria
21.6%
Nobatia
21.3%
Sixteen Kingdoms
21.3%
Ganga
19.2%
Tuyuhun
18.5%
Tarumanagara
17.6%
Kamarupa
17.5%

You're not logged in!

Compare scores with friends on all Sporcle quizzes.
OR
Log In

Sporcle TV

Today on Sporcle TV


Watch our educational content, quiz creation guides, and fun videos on Sporcle TV.

Show Comments

Extras

Top Quizzes Today


Score Distribution

Your Account Isn't Verified!

In order to create a playlist on Sporcle, you need to verify the email address you used during registration. Go to your Sporcle Settings to finish the process.

Report this User

Report this user for behavior that violates our Community Guidelines.

Details: